| 000 | 00463nam a22001577a 4500 | ||
|---|---|---|---|
| 005 | 20251108164855.0 | ||
| 008 | 250721s2007 xx 000 0 ara d | ||
| 082 | 1 | 4 | _aم/956.402/مرك |
| 245 | 1 | 0 | _aالجدار العازل الاسرائيلي / |
| 264 | 1 |
_aبيروت : _bمركز دراسات الوحدة العربية، _c2007. |
|
| 300 | _a400 ص. | ||
| 650 | 1 | 7 | _aالصهيونيه |
| 650 | 1 | 7 | _aاسراايل |
| 942 |
_2ddc _cREF |
||
| 999 |
_c16401 _d16401 |
||